[Event "WchT Blitz Final"]
[Site "London"]
[Date "2025.06.15"]
[Round "3.1"]
[White "Dominguez Perez, Leinier"]
[Black "Vachier Lagrave, Maxime"]
[Result "1/2-1/2"]
[WhiteElo "2738"]
[BlackElo "2736"]
[PlyCount "85"]
[EventDate "2025.06.15"]
[EventType "team-k.o. (blitz)"]
[EventRounds "4"]
[EventCountry "ENG"]
[SourceTitle "CB25_2025"]
[SourceDate "2025.06.18"]
[SourceVersion "1"]
[SourceVersionDate "2025.06.18"]
[SourceQuality "1"]
[WhiteTeam "Hexamind Team"]
[BlackTeam "WR Chess"]
[WhiteTeamCountry "USA"]
[BlackTeamCountry "GER"]

1. e4 c5 2. Nf3 e6 3. d4 cxd4 4. Nxd4 Nf6 5. Nc3 Nc6 6. Ndb5 d6 7. Bf4 e5 8. Bg5 a6 9. Na3 b5 10. Nd5 Be7 11. Bxf6 Bxf6 12. c3 Bg5 13. Nc2 Rb8 14. Bd3 0-0 15. Ncb4 Nxb4 16. cxb4 Be6 17. Bc2 g6 18. 0-0 h5 19. Bb3 h4 20. h3 Kg7 21. a4 bxa4 22. Rxa4 Qc8 23. Qf3 Bd7 24. Raa1 Bb5 25. Rfd1 Qd7 26. Nc3 Rb6 27. Ba4 Bxa4 28. Rxa4 Rfb8 29. Ra5 Rxb4 30. Rxa6 Be7 31. Nd5 Rb3 32. Rd3 Rxb2 33. Nxe7 Rb1+ 34. Kh2 Qxe7 35. Raxd6 Rc1 36. Rd1 Rbb1 37. Rxc1 Rxc1 38. Rd1 Rc2 39. Kg1 Qg5 40. Rd7 Qc1+ 41. Kh2 Qf4+ 42. Qxf4 exf4 43. f3 1/2-1/2

[Event "WchT Blitz Pool A"]
[Site "London"]
[Date "2025.06.14"]
[Round "6.3"]
[White "Vachier Lagrave, Maxime"]
[Black "Itgelt, Khuyagtsogt"]
[Result "1/2-1/2"]
[WhiteElo "2736"]
[BlackElo "2425"]
[PlyCount "106"]
[EventDate "2025.06.14"]
[EventType "team-tourn"]
[EventRounds "13"]
[EventCountry "ENG"]
[SourceTitle "CB25_2025"]
[SourceDate "2025.06.18"]
[SourceVersion "1"]
[SourceVersionDate "2025.06.18"]
[SourceQuality "1"]
[WhiteTeam "WR Chess"]
[BlackTeam "The MongolZ"]
[WhiteTeamCountry "GER"]
[BlackTeamCountry "MGL"]

1. e4 e5 2. Nf3 Nc6 3. Bb5 a6 4. Ba4 Nf6 5. 0-0 b5 6. Bb3 Bc5 7. a4 Rb8 8. c3 d6 9. d4 Bb6 10. a5 Ba7 11. h3 Bb7 12. Re1 0-0 13. Be3 exd4 14. cxd4 Nb4 15. Nc3 Bxe4 16. Nxe4 Nxe4 17. Rc1 c5 18. dxc5 Bxc5 19. Nd4 Qf6 20. f3 Ng3 21. Qd2 Rfe8 22. Bf2 Nf5 23. Nxf5 Qxf5 24. Rcd1 h6 25. Bxc5 dxc5 26. Qd6 Rbd8 27. Rxe8+ Rxe8 28. Bd5 Nxd5 29. Rxd5 Qb1+ 30. Kh2 Re1 31. Qxc5 Rh1+ 32. Kg3 Qg6+ 33. Kf2 Rb1 34. Rd2 Kh7 35. Qc2 Qxc2 36. Rxc2 b4 37. Ke3 b3 38. Rd2 Ra1 39. Kd3 Rxa5 40. Kc4 Rb5 41. Rd6 Re5 42. Rd2 Rb5 43. Rd3 Kg6 44. Rxb3 Ra5 45. Rb7 h5 46. h4 Ra2 47. g3 f6 48. Kd3 Ra4 49. b4 Ra3+ 50. Ke4 Ra4 51. Ke3 Ra3+ 52. Kf2 a5 53. bxa5 Rxa5 1/2-1/2

[Event "WchT Blitz Pool A"]
[Site "London"]
[Date "2025.06.14"]
[Round "12.2"]
[White "Vachier Lagrave, Maxime"]
[Black "Makaraci, Tunahan"]
[Result "1-0"]
[WhiteElo "2736"]
[BlackElo "2233"]
[PlyCount "69"]
[EventDate "2025.06.14"]
[EventType "team-tourn"]
[EventRounds "13"]
[EventCountry "ENG"]
[SourceTitle "CB25_2025"]
[SourceDate "2025.06.18"]
[SourceVersion "1"]
[SourceVersionDate "2025.06.18"]
[SourceQuality "1"]
[WhiteTeam "WR Chess"]
[BlackTeam "Istanbul Satranc"]
[WhiteTeamCountry "GER"]
[BlackTeamCountry "TUR"]

1. e4 c5 2. Nf3 d6 3. Bb5+ Nc6 4. 0-0 Bd7 5. c3 Nf6 6. Re1 a6 7. Bxc6 Bxc6 8. d4 Bxe4 9. Bg5 Bc6 10. Bxf6 gxf6 11. d5 Bd7 12. Nbd2 e5 13. a4 Be7 14. Nc4 b5 15. axb5 axb5 16. Rxa8 Qxa8 17. Nb6 Qb7 18. Nxd7 Qxd7 19. Nh4 f5 20. Qh5 Bxh4 21. Qxh4 Qe7 22. Qh6 f6 23. Ra1 Kf7 24. Qh5+ Kg7 25. Qxf5 Rd8 26. h4 Rd7 27. Qg4+ Kf7 28. h5 Ra7 29. Qe6+ Kg7 30. Rxa7 Qxa7 31. Qxd6 Qa1+ 32. Kh2 Qc1 33. Qe7+ Kg8 34. Qxf6 e4 35. h6 1-0

[Event "WchT Rapid"]
[Site "London"]
[Date "2025.06.13"]
[Round "12.2"]
[White "Sindarov, Javokhir"]
[Black "Vachier Lagrave, Maxime"]
[Result "1/2-1/2"]
[WhiteElo "2668"]
[BlackElo "2735"]
[PlyCount "93"]
[EventDate "2025.06.11"]
[EventType "team-swiss"]
[EventRounds "12"]
[EventCountry "ENG"]
[SourceTitle "CB25_2025"]
[SourceDate "2025.06.18"]
[SourceVersion "1"]
[SourceVersionDate "2025.06.18"]
[SourceQuality "1"]
[WhiteTeam "Uzbekistan"]
[BlackTeam "WR Chess"]
[WhiteTeamCountry "UZB"]
[BlackTeamCountry "GER"]

1. e4 c5 2. Nf3 d6 3. d4 cxd4 4. Nxd4 Nf6 5. Nc3 a6 6. f4 e5 7. Nb3 Qc7 8. Be2 b5 9. 0-0 Nbd7 10. Be3 Bb7 11. a4 b4 12. Nd5 Nxd5 13. exd5 Be7 14. c4 bxc3 15. Rc1 0-0 16. bxc3 exf4 17. Bxf4 Bf6 18. c4 Nc5 19. Nxc5 Qxc5+ 20. Kh1 Rae8 21. Bd3 Be5 22. Qc2 h6 23. Qd2 Bxf4 24. Qxf4 Bc8 25. Rf3 f5 26. h4 Bd7 27. Rcf1 Rf6 28. Qg3 Qd4 29. a5 Qc5 30. Qf2 Qxa5 31. g4 Qd8 32. g5 Rf7 33. gxh6 gxh6 34. Rg1+ Kh8 35. Rg6 Rf6 36. Rfg3 Re5 37. Qf4 Qf8 38. c5 Rxd5 39. Bc4 Rd1+ 40. Kh2 Bc6 41. Rg8+ Kh7 42. Rg2 Bxg2 43. Rxf8 Rg6 44. Rf7+ Kh8 45. Rf8+ Kh7 46. Rf7+ Kh8 47. Rf8+ 1/2-1/2

[Event "WchT Rapid"]
[Site "London"]
[Date "2025.06.12"]
[Round "7.2"]
[White "Murzin, Volodar"]
[Black "Vachier Lagrave, Maxime"]
[Result "1-0"]
[WhiteElo "2637"]
[BlackElo "2735"]
[PlyCount "121"]
[EventDate "2025.06.11"]
[EventType "team-swiss"]
[EventRounds "12"]
[EventCountry "ENG"]
[SourceTitle "CB25_2025"]
[SourceDate "2025.06.18"]
[SourceVersion "1"]
[SourceVersionDate "2025.06.18"]
[SourceQuality "1"]
[WhiteTeam "Hexamind Team"]
[BlackTeam "WR Chess"]
[WhiteTeamCountry "USA"]
[BlackTeamCountry "GER"]

1. e4 c5 2. Nf3 e6 3. Be2 Nc6 4. 0-0 Nf6 5. Nc3 d5 6. exd5 exd5 7. d4 Be7 8. h3 0-0 9. Be3 c4 10. a3 Be6 11. Ne5 Nxe5 12. dxe5 Ne4 13. Nb5 Qb8 14. f4 f5 15. Bf3 Qd8 16. Bxe4 dxe4 17. Qxd8 Raxd8 18. Rad1 a6 19. Nd6 Rd7 20. a4 Bd8 21. Rd2 Ba5 22. c3 Rfd8 23. Rfd1 Bc7 24. Kf2 b6 25. Ke1 h6 26. Bf2 g5 27. Be3 Rg7 28. Nxe4 Rxd2 29. Nf6+ Kf7 30. Rxd2 Rg6 31. g3 Ke7 32. Kf2 Rg7 33. a5 bxa5 34. Nd5+ Bxd5 35. Rxd5 gxf4 36. gxf4 Rg8 37. Rc5 Kd7 38. e6+ Kd6 39. Re5 Rb8 40. Bc5+ Kc6 41. Rxf5 Bxf4 42. e7 Bd6 43. Bxd6 Kxd6 44. Rxa5 Kxe7 45. Rxa6 Rxb2+ 46. Ke3 h5 47. Ra5 Rb8 48. Kd4 Rh8 49. h4 Kd6 50. Kxc4 Kc6 51. Rg5 Rh6 52. Kd4 Kd6 53. c4 Rh8 54. Rg6+ Kd7 55. Kd5 Rh7 56. Kc5 Kc7 57. Rg5 Rh6 58. Rg7+ Kc8 59. Kb5 Rf6 60. Rh7 Rf5+ 61. c5 1-0

[Event "WchT Rapid"]
[Site "London"]
[Date "2025.06.12"]
[Round "8.2"]
[White "Vachier Lagrave, Maxime"]
[Black "Makhnev, Denis"]
[Result "1-0"]
[WhiteElo "2735"]
[BlackElo "2531"]
[PlyCount "79"]
[EventDate "2025.06.11"]
[EventType "team-swiss"]
[EventRounds "12"]
[EventCountry "ENG"]
[SourceTitle "CB25_2025"]
[SourceDate "2025.06.18"]
[SourceVersion "1"]
[SourceVersionDate "2025.06.18"]
[SourceQuality "1"]
[WhiteTeam "WR Chess"]
[BlackTeam "Barys.kz"]
[WhiteTeamCountry "GER"]
[BlackTeamCountry "KAZ"]

1. e4 e5 2. Nf3 Nc6 3. Bb5 a6 4. Ba4 Nge7 5. c3 Ng6 6. d4 exd4 7. cxd4 d5 8. exd5 Qxd5 9. Nc3 Qh5 10. d5 b5 11. dxc6 bxa4 12. 0-0 Bd6 13. Ne4 Be7 14. Qxa4 0-0 15. Bd2 Rb8 16. b3 Qd5 17. Rac1 f5 18. Nc3 Qf7 19. Rfe1 h6 20. Qc4 Qxc4 21. bxc4 Ba3 22. Rcd1 Rb6 23. Nd4 Bc5 24. Na4 Bxd4 25. Nxb6 cxb6 26. Bb4 Bc5 27. Bxc5 bxc5 28. c7 Kf7 29. Rd8 Ne7 30. Red1 Be6 31. R1d6 Bc8 32. f4 Re8 33. Kf2 Bb7 34. Rb6 Bc8 35. h4 h5 36. Rb8 Kf8 37. Ke1 a5 38. Kd2 Kf7 39. Kc3 a4 40. Kb2 1-0

[Event "FRA-chT Top 16 Haute"]
[Site "Belfort"]
[Date "2025.05.30"]
[Round "2.3"]
[White "Adhiban, Baskaran"]
[Black "Vachier Lagrave, Maxime"]
[Result "1/2-1/2"]
[WhiteElo "2518"]
[BlackElo "2723"]
[PlyCount "58"]
[EventDate "2025.05.29"]
[EventType "team-tourn"]
[EventRounds "4"]
[EventCountry "FRA"]
[SourceTitle "CB23_2025"]
[SourceDate "2025.06.04"]
[SourceVersion "1"]
[SourceVersionDate "2025.06.04"]
[SourceQuality "1"]
[WhiteTeam "Cannes"]
[BlackTeam "Asnieres"]
[WhiteTeamCountry "FRA"]
[BlackTeamCountry "FRA"]

1. d4 Nf6 2. c4 g6 3. Nc3 d5 4. cxd5 Nxd5 5. e4 Nxc3 6. bxc3 Bg7 7. Nf3 c5 8. Bb5+ Nc6 9. 0-0 0-0 10. Bxc6 bxc6 11. Qc2 Qa5 12. a4 Rd8 13. Ba3 cxd4 14. cxd4 Bg4 15. Ne5 Bxe5 16. dxe5 Qxe5 17. f3 Bc8 18. h4 Rb8 19. Rfd1 Be6 20. Qc5 Qxc5+ 21. Bxc5 Rxd1+ 22. Rxd1 f5 23. Bxe7 fxe4 24. fxe4 Re8 25. Bc5 Bb3 26. Rd4 Bc2 27. Bxa7 Rxe4 28. Rxe4 Bxe4 29. Kf2 Kf7 1/2-1/2

[Event "FRA-chT Top 16 GpB"]
[Site "Belfort"]
[Date "2025.05.27"]
[Round "6.17"]
[White "Vachier Lagrave, Maxime"]
[Black "Aryan, Chopra"]
[Result "1/2-1/2"]
[WhiteElo "2723"]
[BlackElo "2620"]
[PlyCount "132"]
[EventDate "2025.05.22"]
[EventType "team-tourn"]
[EventRounds "7"]
[EventCountry "FRA"]
[SourceTitle "CB22_2025"]
[SourceDate "2025.05.28"]
[SourceVersion "1"]
[SourceVersionDate "2025.05.28"]
[SourceQuality "1"]
[WhiteTeam "Asnieres"]
[BlackTeam "Grasse Echecs"]
[WhiteTeamCountry "FRA"]
[BlackTeamCountry "FRA"]

1. e4 c5 2. Nf3 e6 3. c4 Nc6 4. d4 cxd4 5. Nxd4 Qb6 6. Nb3 Bb4+ 7. Nc3 Nf6 8. Bd3 Ne5 9. 0-0 Qd6 10. Bf4 Bxc3 11. bxc3 Qxd3 12. Bxe5 Qxd1 13. Raxd1 Nxe4 14. Rfe1 f6 15. Rxe4 fxe5 16. Rxe5 b6 17. Nd4 Bb7 18. Nf5 0-0 19. Rxd7 Rxf5 20. Rxf5 exf5 21. Rxb7 Rc8 22. Rxa7 Rxc4 23. Ra3 b5 24. Kf1 b4 25. cxb4 Rxb4 26. Rb3 Ra4 27. a3 Kf7 28. Ke2 Ke6 29. Kd2 Kd5 30. Kc2 Kc5 31. Rc3+ Kb5 32. Rc7 Rxa3 33. Rxg7 Ra2+ 34. Kd3 Rxf2 35. Ke3 Rf1 36. Rc7 h5 37. Rc2 h4 38. h3 Ra1 39. Kf4 Ra8 40. Kg5 Rh8 41. Re2 Kc4 42. Kxf5 Kd3 43. Re6 Rg8 44. Rh6 Rf8+ 45. Ke5 Re8+ 46. Kf6 Rf8+ 47. Ke6 Rf4 48. Rf6 Ra4 49. Ke5 Ra8 50. Kf4 Rh8 51. Kf3 Kd4 52. Rf5 Rh7 53. Rg5 Rh8 54. Ra5 Rh7 55. Kf4 Rh8 56. Ra4+ Kd5 57. Re4 Rg8 58. Re5+ Kd4 59. Rg5 Rh8 60. g4 hxg3 61. Kxg3 Ke4 62. h4 Rf8 63. Kg4 Rf4+ 64. Kh5 Rf6 65. Rg1 Kf5 66. Re1 Rf7 1/2-1/2

[Event "Chess.com Classic Winners"]
[Site "Chess.com INT"]
[Date "2025.05.23"]
[Round "5.1"]
[White "Carlsen, Magnus"]
[Black "Vachier Lagrave, Maxime"]
[Result "1-0"]
[WhiteElo "2837"]
[BlackElo "2723"]
[PlyCount "47"]
[EventDate "2025.05.20"]
[EventType "k.o. (blitz)"]
[EventRounds "5"]
[EventCountry "USA"]
[SourceTitle "CB22_2025"]
[SourceDate "2025.05.28"]
[SourceVersion "1"]
[SourceVersionDate "2025.05.28"]
[SourceQuality "1"]

1. e4 c5 2. Nf3 d6 3. Nc3 Nf6 4. h3 Nc6 5. d4 cxd4 6. Nxd4 e5 7. Nf3 h6 8. Bc4 Be6 9. Bb3 Be7 10. 0-0 0-0 11. Re1 Rc8 12. Nd5 Bxd5 13. exd5 Na5 14. Ba4 Nd7 15. c3 f5 16. Bc2 Qb6 17. Rb1 Rf7 18. a4 Qc7 19. g4 fxg4 20. hxg4 Rcf8 21. Qd3 Rxf3 22. Qh7+ Kf7 23. Bg6+ Kf6 24. Bh5 1-0

[Event "Chess.com Classic Winners"]
[Site "Chess.com INT"]
[Date "2025.05.20"]
[Round "1.4"]
[White "Caruana, Fabiano"]
[Black "Vachier Lagrave, Maxime"]
[Result "0-1"]
[WhiteElo "2776"]
[BlackElo "2723"]
[PlyCount "76"]
[EventDate "2025.05.20"]
[EventType "k.o. (blitz)"]
[EventRounds "5"]
[EventCountry "USA"]
[SourceTitle "CB21_2025"]
[SourceDate "2025.05.21"]
[SourceVersion "1"]
[SourceVersionDate "2025.05.21"]
[SourceQuality "1"]

1. c4 e5 2. Nc3 Nf6 3. e3 Bb4 4. Nge2 0-0 5. a3 Bxc3 6. Nxc3 d5 7. cxd5 Nxd5 8. Qc2 Nc6 9. Be2 Be6 10. b4 Re8 11. 0-0 Nce7 12. Ne4 b6 13. Bb2 Ng6 14. Rac1 a6 15. Ng3 Qd7 16. d4 exd4 17. Bxd4 f6 18. Rfd1 Qf7 19. Bf1 Re7 20. Rd2 a5 21. e4 Ndf4 22. Be3 axb4 23. axb4 Ra2 24. Qd1 Rxd2 25. Qxd2 Rd7 26. Qc3 h5 27. Nf5 h4 28. g3 Nd5 29. Nh6+ gxh6 30. exd5 Bxd5 31. Bd4 hxg3 32. Qxg3 Qg7 33. Re1 Nh4 34. Re8+ Kf7 35. Qxg7+ Kxg7 36. Be2 Bf3 37. Bc3 Bxe2 38. Rxe2 Rd1+ 0-1

[Event "Chess.com Classic Winners"]
[Site "Chess.com INT"]
[Date "2025.05.20"]
[Round "1.1"]
[White "Vachier Lagrave, Maxime"]
[Black "Caruana, Fabiano"]
[Result "1/2-1/2"]
[WhiteElo "2723"]
[BlackElo "2776"]
[PlyCount "117"]
[EventDate "2025.05.20"]
[EventType "k.o. (blitz)"]
[EventRounds "5"]
[EventCountry "USA"]
[SourceTitle "CB21_2025"]
[SourceDate "2025.05.21"]
[SourceVersion "1"]
[SourceVersionDate "2025.05.21"]
[SourceQuality "1"]

1. e4 c5 2. Nf3 Nc6 3. d4 cxd4 4. Nxd4 Nf6 5. Nc3 e5 6. Ndb5 d6 7. Nd5 Nxd5 8. exd5 Nb8 9. a4 Be7 10. Bd2 0-0 11. a5 Nd7 12. Be2 a6 13. Na3 Nf6 14. Bb4 b5 15. c4 Bb7 16. 0-0 bxc4 17. Bxc4 Rb8 18. Nc2 Rc8 19. b3 Nxd5 20. Bxd5 Bxd5 21. Qxd5 Rxc2 22. Rac1 Qc8 23. Ba3 Re8 24. g3 h6 25. h4 Bf8 26. Rxc2 Qxc2 27. Rc1 Qe2 28. Rc7 Re6 29. Bc1 Rf6 30. Be3 Qg4 31. Qa8 d5 32. Bc5 Kh7 33. Qxf8 Qd1+ 34. Kh2 Qc2 35. Rxf7 Rxf7 36. Qxf7 Qxc5 37. h5 Qxa5 38. Qg6+ Kh8 39. Qe8+ Kh7 40. Qxe5 Qd2 41. Qf5+ Kh8 42. Kg2 d4 43. Qc8+ Kh7 44. Qf5+ Kh8 45. Qc8+ Kh7 46. Qxa6 d3 47. Qg6+ Kh8 48. Qe8+ Kh7 49. Qe4+ Kh8 50. b4 Qe2 51. Qa8+ Kh7 52. Qf3 Qc2 53. Qe4+ Kh8 54. b5 Qb3 55. Qe8+ Kh7 56. Qg6+ Kh8 57. Qe8+ Kh7 58. Qg6+ Kh8 59. Qe8+ 1/2-1/2

[Event "Bucharest Superbet Classic 5th"]
[Site "Bucharest"]
[Date "2025.05.09"]
[Round "3"]
[White "Aronian, Levon"]
[Black "Vachier Lagrave, Maxime"]
[Result "1/2-1/2"]
[WhiteElo "2747"]
[BlackElo "2723"]
[PlyCount "96"]
[EventDate "2025.05.07"]
[EventType "tourn"]
[EventRounds "9"]
[EventCountry "ROU"]
[EventCategory "20"]
[SourceTitle "CB21_2025"]
[SourceDate "2025.05.21"]
[SourceVersion "1"]
[SourceVersionDate "2025.05.21"]
[SourceQuality "1"]

1. d4 Nf6 2. c4 g6 3. Nc3 d5 4. cxd5 Nxd5 5. e4 Nxc3 6. bxc3 Bg7 7. Nf3 c5 8. Bb5+ Nc6 9. Rb1 0-0 10. d5 Ne5 11. 0-0 a6 12. Bd3 e6 13. Nxe5 Bxe5 14. c4 Qd6 15. a4 b5 16. Bh6 Bxh2+ 17. Kh1 Be5 18. f4 Bd4 19. Qf3 Qd8 20. Bg5 f6 21. Bh6 b4 22. Rbd1 f5 23. Qg3 exd5 24. cxd5 fxe4 25. Bxe4 Bf5 26. Bxf8 Bxe4 27. Bh6 Qxd5 28. f5 Bxf5 29. Rf4 b3 30. Rdf1 Kh8 31. Rxd4 Qxd4 32. Rf4 Qf6 33. Qxb3 g5 34. Rxf5 Qxh6+ 35. Kg1 Qg7 36. Qd5 Rc8 37. Rxg5 Qa1+ 38. Kh2 Qf6 39. Qd7 Rd8 40. Qg4 c4 41. Rh5 c3 42. Qe4 Qg7 43. Qc6 Rg8 44. Rh3 Qe5+ 45. Kg1 Qe1+ 46. Kh2 Qe5+ 47. Kg1 Qe1+ 48. Kh2 Qe5+ 1/2-1/2

[Event "Bucharest Superbet Classic 5th"]
[Site "Bucharest"]
[Date "2025.05.07"]
[Round "1"]
[White "Firouzja, Alireza"]
[Black "Vachier Lagrave, Maxime"]
[Result "1-0"]
[WhiteElo "2757"]
[BlackElo "2723"]
[PlyCount "101"]
[EventDate "2025.05.07"]
[EventType "tourn"]
[EventRounds "9"]
[EventCountry "ROU"]
[EventCategory "20"]
[SourceTitle "CB21_2025"]
[SourceDate "2025.05.21"]
[SourceVersion "1"]
[SourceVersionDate "2025.05.21"]
[SourceQuality "1"]

1. e4 c5 2. Nf3 e6 3. d3 d5 4. Qe2 Nf6 5. g3 Nc6 6. Bg2 Be7 7. a4 b6 8. 0-0 Bb7 9. Bf4 h6 10. h4 0-0 11. e5 Nh7 12. c3 Qd7 13. Re1 Rae8 14. Nbd2 f5 15. exf6 Bxf6 16. Bh3 g5 17. hxg5 hxg5 18. Be5 Qg7 19. Bxf6 Rxf6 20. Nh2 Rh6 21. Bg2 Nf6 22. Ng4 Nxg4 23. Qxg4 Ne5 24. Qe2 Nc6 25. Nf1 g4 26. a5 b5 27. a6 Ba8 28. Rad1 Rf8 29. Nh2 Rg6 30. Qd2 Nb8 31. d4 c4 32. Ra1 Bc6 33. Re5 Nd7 34. Rh5 Nf6 35. Rh4 Bd7 36. Re1 Bc8 37. Nf1 Rg5 38. Re5 Rg6 39. Ne3 Kf7 40. Qe2 Re8 41. b3 Bxa6 42. bxc4 bxc4 43. Qa2 Bc8 44. Nxd5 exd5 45. Qxa7+ Bd7 46. Bxd5+ Nxd5 47. Qxd7+ Ne7 48. Rf5+ Rf6 49. Rxg4 Qh8 50. Rxf6+ Kxf6 51. Rh4 1-0

[Event "Warsaw Superbet Blitz"]
[Site "Warsaw"]
[Date "2025.04.30"]
[Round "13"]
[White "Vachier Lagrave, Maxime"]
[Black "Praggnanandhaa, Rameshbabu"]
[Result "1-0"]
[WhiteElo "2722"]
[BlackElo "2758"]
[PlyCount "147"]
[EventDate "2025.04.29"]
[EventType "tourn (blitz)"]
[EventRounds "18"]
[EventCountry "POL"]
[EventCategory "19"]
[SourceTitle "CB18_2025"]
[SourceDate "2025.04.30"]
[SourceVersion "1"]
[SourceVersionDate "2025.04.30"]
[SourceQuality "1"]

1. e4 d5 2. exd5 Qxd5 3. Nc3 Qa5 4. d4 Bf5 5. Bc4 e6 6. Nge2 Nf6 7. 0-0 c6 8. Bf4 Nbd7 9. Re1 Be7 10. Ng3 Bg6 11. Bd3 Bxd3 12. Qxd3 0-0 13. a3 Rfe8 14. Rad1 Rad8 15. Nce4 Nxe4 16. Nxe4 Nf6 17. Nd2 c5 18. Be5 Ng4 19. Qe2 Nxe5 20. dxe5 Qa4 21. Nc4 Qc6 22. Na5 Qc7 23. Nc4 b5 24. Nd6 Bxd6 25. exd6 Rxd6 26. Qxb5 Rb8 27. Qa4 g6 28. b3 Rbd8 29. Rxd6 Rxd6 30. g3 Rd4 31. Qb5 c4 32. Qb4 Qb6 33. Qc3 cxb3 34. cxb3 h5 35. h4 a5 36. Rb1 Rd5 37. b4 axb4 38. axb4 Qb5 39. Ra1 e5 40. Kg2 Qd7 41. Ra5 Kh7 42. Rxd5 Qxd5+ 43. Kh2 Kg7 44. Qe3 Qb5 45. Qd2 Kf6 46. Qd6+ Kf5 47. Kg2 Qb7+ 48. f3 Qb5 49. Kf2 Qc4 50. Qd7+ Kf6 51. Qd6+ Kf5 52. Ke3 Qc1+ 53. Ke2 Qb2+ 54. Qd2 Qa1 55. b5 Qg1 56. Qd3+ Ke6 57. Qc4+ Kf6 58. Qc6+ Kg7 59. b6 Qxg3 60. b7 e4 61. Qxe4 Qc7 62. Kd3 g5 63. hxg5 h4 64. Qd4+ Kg8 65. Qb4 Qb8 66. Qe7 h3 67. g6 fxg6 68. Qd7 h2 69. Qc8+ Kh7 70. Qxb8 h1Q 71. Qc7+ Kh6 72. Qf4+ Kg7 73. b8Q Qd1+ 74. Kc3 1-0

[Event "Warsaw Superbet Blitz"]
[Site "Warsaw"]
[Date "2025.04.29"]
[Round "2"]
[White "Duda, Jan Krzysztof"]
[Black "Vachier Lagrave, Maxime"]
[Result "1-0"]
[WhiteElo "2739"]
[BlackElo "2722"]
[PlyCount "85"]
[EventDate "2025.04.29"]
[EventType "tourn (blitz)"]
[EventRounds "18"]
[EventCountry "POL"]
[EventCategory "19"]
[SourceTitle "CB18_2025"]
[SourceDate "2025.04.30"]
[SourceVersion "1"]
[SourceVersionDate "2025.04.30"]
[SourceQuality "1"]

1. Nf3 d5 2. d4 Nf6 3. Bf4 c5 4. e3 Nc6 5. c3 Qb6 6. Qc2 e6 7. Nbd2 Bd7 8. Bd3 Rc8 9. Qb1 Ne7 10. a4 Ng6 11. a5 Qd8 12. Bg3 Nh5 13. Qd1 Nxg3 14. hxg3 Bd6 15. Nh4 Nxh4 16. Rxh4 g6 17. Nf3 f5 18. Ne5 Bxe5 19. dxe5 0-0 20. f4 d4 21. Bc4 dxc3 22. bxc3 Qe7 23. Qb3 Rb8 24. Rd1 Rfe8 25. Rd6 Kg7 26. Kf2 Bc8 27. Rh1 Qc7 28. Qb5 Re7 29. Rhd1 b6 30. a6 h5 31. Kg1 Kh7 32. Kh2 Rg7 33. R1d2 Qe7 34. Qc6 g5 35. Rd8 gxf4 36. exf4 h4 37. g4 Bxa6 38. Rxb8 Bxc4 39. g5 Kg6 40. Rdd8 Kh5 41. Rh8+ Kg6 42. Rh6+ Kf7 43. Rf6+ 1-0

[Event "Warsaw Superbet Rapid"]
[Site "Warsaw"]
[Date "2025.04.28"]
[Round "7"]
[White "Vachier Lagrave, Maxime"]
[Black "Firouzja, Alireza"]
[Result "1/2-1/2"]
[WhiteElo "2722"]
[BlackElo "2757"]
[PlyCount "105"]
[EventDate "2025.04.26"]
[EventType "tourn (rapid)"]
[EventRounds "9"]
[EventCountry "POL"]
[EventCategory "19"]
[SourceTitle "CB18_2025"]
[SourceDate "2025.04.30"]
[SourceVersion "1"]
[SourceVersionDate "2025.04.30"]
[SourceQuality "1"]

1. e4 e5 2. Nf3 Nc6 3. Bb5 a6 4. Ba4 Nf6 5. 0-0 Be7 6. Re1 b5 7. Bb3 d6 8. c3 0-0 9. h3 Nb8 10. d4 Nbd7 11. Nbd2 Bb7 12. Bc2 Re8 13. Nf1 Bf8 14. Ng3 g6 15. a4 Bg7 16. d5 Qb8 17. b4 c6 18. dxc6 Bxc6 19. axb5 Bxb5 20. Bb3 Rc8 21. Ng5 Bc4 22. h4 h6 23. Nf3 Bxb3 24. Qxb3 Nc5 25. Qd1 Ne6 26. Ra3 Nf4 27. Bxf4 exf4 28. Nf1 Ng4 29. Qd3 Ra7 30. N1h2 h5 31. Nxg4 hxg4 32. Nh2 g3 33. fxg3 fxg3 34. Qxg3 Rac7 35. Rxa6 Bxc3 36. Rf1 Qxb4 37. Nf3 Qc5+ 38. Rf2 Qe3 39. Kh2 Rc6 40. Ra4 Bg7 41. Rfa2 Rc3 42. Qg5 Be5+ 43. Nxe5 Qxg5 44. hxg5 dxe5 45. Ra5 R3c5 46. Rxc5 Rxc5 47. Ra8+ Kg7 48. Kg3 Rc3+ 49. Kf2 Rc2+ 50. Kf3 Rc3+ 51. Kf2 Rc2+ 52. Kf3 Rc3+ 53. Kf2 1/2-1/2

[Event "Warsaw Superbet Rapid"]
[Site "Warsaw"]
[Date "2025.04.27"]
[Round "5"]
[White "Vachier Lagrave, Maxime"]
[Black "Gavrilescu, David"]
[Result "1-0"]
[WhiteElo "2722"]
[BlackElo "2554"]
[PlyCount "75"]
[EventDate "2025.04.26"]
[EventType "tourn (rapid)"]
[EventRounds "9"]
[EventCountry "POL"]
[EventCategory "19"]
[SourceTitle "CB18_2025"]
[SourceDate "2025.04.30"]
[SourceVersion "1"]
[SourceVersionDate "2025.04.30"]
[SourceQuality "1"]

1. e4 c5 2. Nf3 d6 3. d4 cxd4 4. Nxd4 Nf6 5. Nc3 a6 6. g3 e5 7. Nb3 Be7 8. Bg5 Be6 9. Bxf6 Bxf6 10. Qd3 Be7 11. 0-0-0 Nd7 12. f4 Nf6 13. f5 Bd7 14. Be2 Bc6 15. g4 h6 16. h4 Nd7 17. Qg3 Qc7 18. Bc4 Rc8 19. Rh2 b5 20. Bd5 b4 21. Bxc6 bxc3 22. Ba4 Kf8 23. Bxd7 Qxd7 24. bxc3 a5 25. Rd5 a4 26. Nd2 Qa7 27. g5 Rb8 28. g6 Qb7 29. Kd1 Qb2 30. Qd3 Qxa2 31. Rxd6 a3 32. Ke2 Kg8 33. Rd7 Bf6 34. Nb3 h5 35. gxf7+ Kh7 36. Qf3 Kh6 37. Rg2 Qxc2+ 38. Rd2 1-0

[Event "Warsaw Superbet Rapid"]
[Site "Warsaw"]
[Date "2025.04.26"]
[Round "1"]
[White "Vachier Lagrave, Maxime"]
[Black "Praggnanandhaa, Rameshbabu"]
[Result "0-1"]
[WhiteElo "2722"]
[BlackElo "2758"]
[PlyCount "90"]
[EventDate "2025.04.26"]
[EventType "tourn (rapid)"]
[EventRounds "9"]
[EventCountry "POL"]
[EventCategory "19"]
[SourceTitle "CB18_2025"]
[SourceDate "2025.04.30"]
[SourceVersion "1"]
[SourceVersionDate "2025.04.30"]
[SourceQuality "1"]

1. e4 c5 2. Nc3 Nc6 3. Bb5 Nd4 4. Nf3 e6 5. 0-0 a6 6. Bd3 Nc6 7. Nd5 g6 8. Ne3 Bg7 9. c3 Nge7 10. Bc2 d5 11. exd5 exd5 12. d4 cxd4 13. cxd4 0-0 14. b3 f5 15. h3 f4 16. Ng4 Nf5 17. Bb2 Nh4 18. Nge5 Bxe5 19. dxe5 Be6 20. Rc1 Rf7 21. Re1 Qe7 22. Bd3 Rg7 23. Be2 Nxf3+ 24. Bxf3 Rd8 25. Bd4 Qg5 26. Bb6 Rdd7 27. Bc5 d4 28. Bd6 Bxh3 29. Rxc6 bxc6 30. Bxc6 Rd8 31. Qd3 Be6 32. Qxa6 h5 33. Qd3 Rc8 34. Qe4 f3 35. Qxf3 Rf7 36. Bd5 Rxf3 37. Bxe6+ Kh7 38. Bxc8 Rc3 39. Ba6 Rc1 40. Rf1 Rxf1+ 41. Bxf1 Qc1 42. e6 Kg8 43. e7 Kf7 44. g3 d3 45. Kg2 Qc6+ 0-1